000 00392pab a2200145 454500
008 180718b1987 xxu||||| |||| 00| 0 eng d
100 _aToulmin, Camilla
245 _aDrought and the farming sector
_bLossof farm animals and post - drought rehabilitation
260 _c1987
300 _a125-48
362 _aJun.
650 _aDrought
773 _aDevelopment Policy Review
909 _a7417
999 _c7417
_d7417